|
|
|
|
| LEADER |
00000nab a2200000uu 4500 |
| 001 |
vtls011521104 |
| 003 |
SK-MaSNL |
| 005 |
20260303181412.0 |
| 008 |
230704|1941 xo |||||||||||||||||slo| |
| 015 |
|
|
|a SNBRB
|
| 035 |
|
|
|a (urnnbn)urn:nbn:sk:snk:ar-0022b7
|
| 035 |
|
|
|a (uuid)bc3ac7d0-2884-4cab-809c-1c75c15d97fd
|
| 035 |
|
|
|a urn:nbn:sk:snk-abe9f5
|
| 040 |
|
|
|a SNKBUCL
|b slo
|c SNKBUCL
|e AACR2
|
| 041 |
0 |
|
|a slo
|
| 044 |
|
|
|a xo
|c SK
|
| 100 |
1 |
|
|a Beňuška, P.
|4 aut
|9 1208049
|
| 245 |
1 |
0 |
|a Cesare Orsenigo: Život a dielo sv. Karola Boromejského
|c P. Beňuška
|
| 600 |
0 |
7 |
|a Karol Boromejský,
|c svätý,
|d 1538-1584
|2 SNKMA
|9 217496
|
| 650 |
0 |
7 |
|a biografie
|2 SNKPH
|9 111226
|
| 655 |
|
7 |
|a recenzie
|2 SNKPH
|9 21907
|
| 773 |
0 |
|
|t Slovenské pohľady
|g Roč. 57, č. 5-6 (1941), s. 391-395
|
| 787 |
0 |
8 |
|i Rec.:
|a Orsenigo, Cesare
|t Život a dielo sv. Karola Boromejského
|d Trnava : Spolok sv. Vojtecha, 1940
|
| 850 |
|
|
|a Slovenská národná knižnica
|
| 852 |
|
|
|a Slovenská národná knižnica
|
| 954 |
|
|
|a odborná, vedecká literatúra pôvodná (slovenská)
|2 lita
|
| 958 |
|
|
|a OND
|
| 958 |
|
|
|a EUIPO
|
| 958 |
|
|
|a article21
|
| 999 |
|
|
|c 2111773
|d 2113703
|